| 000 | 00754cam a2200205 4500 | ||
|---|---|---|---|
| 001 | WB3815-17 | ||
| 008 | 020424n2002 000 0 eng u | ||
| 035 | _a(Sirsi) u117666 | ||
| 245 | _aHong Kong land sales | ||
| 260 | _c2002 | ||
| 490 |
_aRICS Commercial Property Faculty News _v 23 April 2002 (1) |
||
| 520 | _aReuters reported on 15 April the first land auction of the new financial year in Hong Kong has raised more than all the auctions and tenders in 2001-2002 combined. http://www.rics.org/ricscms/bin/show?class=News&template=/includes/shownews.html&id=2335 | ||
| 590 | _aWB | ||
| 650 | _aHONG KONG | ||
| 650 | _aLAND AUCTIONS | ||
| 650 | _aLAND SALES | ||
| 650 |
_aAuctioneering _96218 |
||
| 690 | _aINTERNATIONAL-ASIA | ||
| 942 | _n0 | ||
| 999 |
_c70066 _d70066 |
||